000 00418nam a2200181Ia 4500
001 23763
005 20260414150959.0
008 260414t1992||||xx |||||||||||||| ||spa||
041 _aESP
082 _a708.9854
_bI59
110 _aInstituto Nacional de Cultura
245 0 _aArequipa II
_b
260 _c1992
300 _a123 páginas :
_c29 cm.
650 _aABD
654 _aCAU
942 _cLIB
_dJUS
_fJUS
_2ddc
_n
999 _c23763
_d23763